000 01698nam a2200409 c 4500
003 BLK
005 20210811092015.0
008 180411b bul|||||r ||||||| ||bul||
010 _aKNG00183226000
020 _a978-954-607-819-3
_bиздат.: ЛИК
040 _aBLK
041 _aBUL
_cBUL
072 7 _2bullib
_aН31
_xСоциология Н
080 _aИнформационно общество
_b316.324:681.3
_x
_z316.324:681.3
080 _aЗащита срещу хакери
_b681.324.07
_x
_z681.324.07
100 1 _aБоянов, Любен Кирилов
_eпърви автор
_9339843
139 _aБоянов, Любен Кирилов
_bБ 74
245 1 0 _aСъвременното дигитално общество
_bВъзможности, парадигми и проблеми
_cЛюбен Кирилов Боянов.
257 _aBGR
260 София
_bЛИК
_c2014
_fСофия : Скала принт
300 _a164 с.
_bс табл., сх., диагр.
_c20 см
380 _a3
500 _aБиблиогр.: с. 144-162
650 4 _aИнформационно общество
_9283573
650 4 _aИнформационна сигурност
_9329549
650 4 _aИнформационни и комуникационни технологии
_9242390
653 _aдигитални технологии
653 _aкомуникационни технологии
653 _aхакери
653 _aкибертероризъм
659 _aН
852 _aЦб 277224
856 4 _qpdf
_u
856 4 _qpdf
_u
942 _cKNG
_n0
_02
944 _aCR
_c06.10.2015
_kВиолета_Тройчева
944 _aED
_c19.01.2016
_kГеновева_Генчева
999 _c174725
_d174725